Curran's Atlas of Histopathology: (Record no. 721)

MARC details
000 -LEADER
fixed length control field 00598nam a22002177a 4500
003 - CONTROL NUMBER IDENTIFIER
control field OSt
005 - DATE AND TIME OF LATEST TRANSACTION
control field 20210419110700.0
008 - FIXED-LENGTH DATA ELEMENTS--GENERAL INFORMATION
fixed length control field 141106b xxu||||| |||| 00| 0 eng d
020 ## - INTERNATIONAL STANDARD BOOK NUMBER
International Standard Book Number 0192632205
040 ## - CATALOGING SOURCE
Transcribing agency DNLM
082 ## - DEWEY DECIMAL CLASSIFICATION NUMBER
Classification number QZ17 C923c 2000
100 ## - MAIN ENTRY--PERSONAL NAME
Personal name Curran R. C.; Crocker J.;
9 (RLIN) 1917
245 ## - TITLE STATEMENT
Title Curran's Atlas of Histopathology:
Remainder of title With 810 photomicrographs
250 ## - EDITION STATEMENT
Edition statement 4th ed.
260 ## - PUBLICATION, DISTRIBUTION, ETC. (IMPRINT)
Place of publication, distribution, etc. oxford:
Name of publisher, distributor, etc. Harvey miller Publishers
Date of publication, distribution, etc. 2000
300 ## - PHYSICAL DESCRIPTION
Extent 288 p:
Other physical details col.ill;
Dimensions 30cm.
504 ## - BIBLIOGRAPHY, ETC. NOTE
Bibliography, etc Includes Index
650 ## - SUBJECT ADDED ENTRY--TOPICAL TERM
Topical term or geographic name as entry element Histopathology
9 (RLIN) 1849
650 ## - SUBJECT ADDED ENTRY--TOPICAL TERM
Topical term or geographic name as entry element Atlas
9 (RLIN) 9564
942 ## - ADDED ENTRY ELEMENTS (KOHA)
Source of classification or shelving scheme Other/Generic Classification Scheme
Koha item type Short Loan
Holdings
Withdrawn status Lost status Source of classification or shelving scheme Damaged status Not for loan Home library Current library Date acquired Source of acquisition Inventory number Total Checkouts Full call number Barcode Date last seen Koha item type
    Other/Generic Classification Scheme     MUST Main Library MUST Main Library 06/11/2014 Purchase 06/26773   QZ17 C923c 2000 2014-3324 06/11/2014 Short Loan
    Other/Generic Classification Scheme     MUST Main Library MUST Main Library 06/11/2014 Purchase 06/26774   QZ17 C923c 2000 2014-3325 06/11/2014 Short Loan